000 00776nam a2200205Ii 4500
003 JO-AjNU
008 230605s9999||||xx |||||||||||||| ||und||
017 _a2006/8/2404
040 _aJO-AjNU
_bara
_erda
_cJO-AjNU
041 _aara
050 1 4 _aKMM126.Aِ29 2006
100 3 _aالزعبي، تيسير أحمد ,
_eauthor
_921521
245 0 0 _aقانون العمل رقم (8) لسنة 1996م وتعديلاتة
264 3 1 _aعمان: (د.ن)، 2006
300 _a63ص
_bيشتمل على الوصف القانوني المفهرس لجميع مواده
336 _atext
_btxt
_2rdacontent
337 _aunmediated
_bn
_2rdamedia
338 _avolume
_bnc
_2rdacarrier
650 4 _aالعمل والعمال -- قوانين وتشريعات -- الأردن
_921522
999 _aA7489
_c11057
_d11057